000
00203nam a22000857a 4500
008
161217b xxu||||| |||| 00| 0 eng d
100
_9
2109
_a
CCE
245
_a
MATHEMATICS X Q.B
260
_a
New Delhi
_b
CCE
_c
2011
999
_c
4994
_d
4994